Le comte de Paris : l'ultime prétendant /

Saved in:
Bibliographic Details
Main Author: Broche, François
Format: Book
Language:French
Published: [Paris] : Perrin, [2001], ©2001.
Subjects:

MARC

LEADER 00000cam a2200000 a 4500
001 001908640
005 20260604175220.5
008 010223t20012001fr a b 000 0bfre
010 |a 2001383792 
020 |a 2262017417 
035 |a (OCoLC)47923070 
035 |a (ndu)001908640 
040 |a DLC  |c DLC  |d IND  |d UtOrBLW 
042 |a pcc 
043 |a e-fr---  |0 http://id.loc.gov/vocabulary/geographicAreas/e-fr 
049 |a INDU 
050 0 0 |a DC 373 .P33  |b B76 2001 
082 0 0 |a 944.081/092  |a B  |2 21 
100 1 |a Broche, François.  |0 http://id.loc.gov/authorities/names/n88653376 
245 1 3 |a Le comte de Paris :  |b l'ultime prétendant /  |c François Broche. 
260 |a [Paris] :  |b Perrin,  |c [2001], ©2001. 
300 |a 274 pages :  |b illustrations ;  |c 23 cm 
336 |a text  |b txt  |2 rdacontent  |0 http://rdaregistry.info/termList/RDAContentType/1020 
337 |a unmediated  |b n  |2 rdamedia  |0 http://rdaregistry.info/termList/RDAMediaType/1007 
338 |a volume  |b nc  |2 rdacarrier  |0 http://rdaregistry.info/termList/RDACarrierType/1049 
340 |p illustration  |2 rdaill  |0 http://rdaregistry.info/termList/IllusContent/1014 
504 |a Includes bibliographical references. 
599 9 9 |a new  |d 20030114 
600 1 0 |a Paris, Henri,  |c comte de,  |d 1908-1999.  |0 http://id.loc.gov/authorities/names/n80056914 
650 0 |a Pretenders to the throne  |z France  |v Biography. 
651 0 |a France  |x Politics and government  |y 20th century.  |0 http://id.loc.gov/authorities/subjects/sh85051484 
650 0 |a Royalists  |z France. 
600 1 7 |a Paris, Henri,  |c comte de,  |d 1908-1999.  |2 fast  |0 (OCoLC)fst01720296 
648 7 |a 1900-1999  |2 fast 
650 7 |a Politics and government.  |2 fast  |0 (OCoLC)fst01919741 
650 7 |a Royalists.  |2 fast  |0 (OCoLC)fst01100852 
650 7 |a Pretenders to the throne.  |2 fast  |0 (OCoLC)fst01076100 
651 7 |a France.  |2 fast  |0 (OCoLC)fst01204289 
655 7 |a Biographies.  |2 fast  |0 (OCoLC)fst01919896 
902 |a MARS 
999 f f |i f5505aa6-0746-50fa-984e-8509c863f540  |s 5f640be9-88ee-4da0-9269-eea06b21583f  |t 0 
952 f f |p Circulating  |a University of Notre Dame  |b University of Notre Dame  |c Hesburgh Library  |s Hesburgh Library General Collection  |d Hesburgh Library General Collection  |t 0  |e DC 373 .P33 B76 2001  |h Library of Congress classification  |i Book  |m 00000022188734